000 01321pab a2200181 454500
008 180718b1998 xxu||||| |||| 00| 0 eng d
100 _aDominey-Howes, D.T.M.
245 _aAssessment of tsunami magnitude and implications for urban hazard planning in Greece
260 _c1998
300 _ap.176-82
520 _aThis paper describes the phenomenon of tsunamis within the European Seas and explains how tsunami research has developed during the last 40 years as a response to a large tsunami which occurred in the Aegean Sea region of Greece in 1956. The paper states that specific tsunami hazard maps have been established for particular coastal areas of Greece and that these maps and any associated disaster management plans have been developed as a tool to mitigate the effects of future tsunamis in the region. The author provides the results of new investigations of the effects of a past tsunami in Greece and shows that the magnitude of this event has been overestimated. The results imply that revisions of the urban hazard maps and associated disaster preparedness plans should be considered. - Reproduced
650 _aUrban policy
650 _aGreece
650 _aFloods
650 _aDisaster management
773 _aDisaster Prevention and Management: an International Journal
909 _a40464
999 _c40464
_d40464